Entrepreneurship 2nd ed. (Record no. 9729)
[ view plain ]
| 000 -LEADER | |
|---|---|
| fixed length control field | 00370nam a2200157Ia 4500 |
| 008 - FIXED-LENGTH DATA ELEMENTS--GENERAL INFORMATION | |
| fixed length control field | 221030s9999 xx 000 0 und d |
| 020 ## - INTERNATIONAL STANDARD BOOK NUMBER | |
| ISBN | 0198072635 |
| 041 ## - LANGUAGE CODE | |
| Language code of text/sound track or separate title | |
| 100 ## - MAIN ENTRY--AUTHOR NAME | |
| Personal name | R. Roy |
| 245 #0 - TITLE STATEMENT | |
| Title | Entrepreneurship 2nd ed. |
| Statement of responsibility, etc | by R. Roy |
| 250 ## - EDITION STATEMENT | |
| Edition statement | 2nd |
| 260 ## - PUBLICATION, DISTRIBUTION, ETC. (IMPRINT) | |
| Name of publisher | Oxford Univ. Press |
| Place of publication | New Delhi |
| Year of publication | 2018 |
| 300 ## - PHYSICAL DESCRIPTION | |
| Number of Pages | 571 |
| 650 ## - SUBJECT ADDED ENTRY--TOPICAL TERM | |
| Topical Term | Management |
| 942 ## - ADDED ENTRY ELEMENTS (KOHA) | |
| Koha item type | Books |
| Accession Number | Cost, normal purchase price | Bill Date | Source of acquisition | Price effective from | Koha item type | Withdrawn / writtenoff status | Materials specified (bound volume or other part) | Damaged status | Not for loan | Permanent Location | Current Location | Shelving location | Date acquired | Lost/ Missing status | department |
|---|---|---|---|---|---|---|---|---|---|---|---|---|---|---|---|
| BBA 127 | 820.00 | 45 | RKB | 10/30/2022 | Books | Not For Loan | MIET Library, Jammu | MIET Library, Jammu | BL-Academic Block B, FL-2, CUP-173, SH-3, R-3 | 09/02/2021 | BBA | ||||
| BBA 128 | 820.00 | 45 | RKB | 10/30/2022 | Books | MIET Library, Jammu | MIET Library, Jammu | 189/1 | 09/02/2021 | BBA | |||||
| BBA 129 | 820.00 | 45 | RKB | 10/30/2022 | Books | MIET Library, Jammu | MIET Library, Jammu | 189/1 | 09/02/2021 | BBA |